Quizzes
Events
Quiz Creation
Community
Videos
Private Events
Remove Ads
Sign In
Join for FREE
Feedback
Dark Mode
Quiz Categories
Sports
Geography
Music
Movies
Television
Just For Fun
Miscellaneous
History
Literature
Language
Science
Gaming
Entertainment
Religion
Holiday
For Kids
Quiz Lab
Recent
Popular Today
Quiz Kudos Today
Editor Picks
Curator Picks
Quizzes by...
Day
Popularity
Type
Ratings
Length
Year
Community
Subscriptions
Recent Discussions
Orange Saloon
Badges
Playlists
Quests
Create
Leaderboards
Showdown
Live 5
Trivia Bingo
Activity
Puzzle Library
Sporcle Events
Private Events
Virtual Trivia
Globe League
Become a Host
Pub Owners
SporcleCon
Opinionation
Our Games
Videos
Blog
Mobile Apps
Partnerships
Remove Ads and Go Orange
Feedback
Sports
Athletes
MLB
NBA
NHL
NFL
Soccer
Sports Teams
WWE
NCAA
Football
Premier League
Basketball
Baseball
Hockey
Golf
Tennis
Cricket
Rugby
Auto Racing
Olympics
World Cup
Sports
Athletes
MLB
NBA
NHL
NFL
Soccer
Sports Teams
WWE
NCAA
Football
Premier League
Basketball
Baseball
Hockey
Golf
Tennis
Cricket
Rugby
Auto Racing
Olympics
World Cup
Random Quiz
Search Sporcle
×
Quiz Lab
Quiz Lab
Sports
MLB
Type in answers that appear in a list
Type in answers that appear in a list
Classic
Best Score? Go Orange.
MLB MVP Voting 1990-1999 Stats
Can you name the MLB MVP Voting 1990-1999?
By
sknapp
20m
200 Questions
3,187 Plays
3,187 Plays
3,187 Plays
Comments
Comments
Give Quiz Kudos
Give Quiz Kudos
-
- Ratings
hide this ad
Replay
Link that replays current quiz
Next Quiz
Link to next quiz in quiz playlist
You Got
0%
They Got
Avg Score
79%
Avg Friend Score
Upgrade to see
Score Distribution
Jump to the score distribution portion of the page
Score
0/200
Timer
20:00
0
Plays Today
Year
Players
% Correct
NL 1990
Barry Bonds
98.1%
NL 1991
Barry Bonds
98.1%
NL 1992
Barry Bonds
98.1%
NL 1993
Barry Bonds
98.1%
NL 1994
Barry Bonds
98.1%
NL 1996
Barry Bonds
98.1%
NL 1997
Barry Bonds
98.1%
NL 1998
Barry Bonds
98.1%
AL 1992
Mark McGwire
97.2%
AL 1996
Mark McGwire
97.2%
NL 1998
Mark McGwire
97.2%
NL 1999
Mark McGwire
97.2%
AL 1999
Ken Griffey
96.8%
AL 1991
Ken Griffey
96.8%
AL 1993
Ken Griffey
96.8%
AL 1994
Ken Griffey
96.8%
AL 1996
Ken Griffey
96.8%
AL 1997
Ken Griffey
96.8%
AL 1998
Ken Griffey
96.8%
AL 1991
Frank Thomas
96.1%
AL 1992
Frank Thomas
96.1%
AL 1993
Frank Thomas
96.1%
AL 1994
Frank Thomas
96.1%
AL 1995
Frank Thomas
96.1%
AL 1996
Frank Thomas
96.1%
AL 1997
Frank Thomas
96.1%
NL 1996
Chipper Jones
96%
NL 1997
Chipper Jones
96%
NL 1998
Chipper Jones
96%
NL 1999
Chipper Jones
96%
AL 1996
Alex Rodriguez
94.8%
AL 1996
Ivan Rodriguez
94.8%
AL 1998
Alex Rodriguez
94.8%
AL 1998
Ivan Rodriguez
94.8%
AL 1999
Ivan Rodriguez
94.8%
NL 1994
Jeff Bagwell
94.8%
NL 1996
Jeff Bagwell
94.8%
NL 1997
Jeff Bagwell
94.8%
NL 1999
Jeff Bagwell
94.8%
AL 1991
Cal Ripken
94.6%
AL 1993
Juan Gonzalez
94%
AL 1996
Juan Gonzalez
94%
AL 1997
Juan Gonzalez
94%
AL 1998
Juan Gonzalez
94%
AL 1999
Pedro Martinez
93.8%
AL 1995
Edgar Martinez
93.7%
AL 1997
Tino Martinez
93.7%
NL 1995
Sammy Sosa
93.4%
NL 1998
Sammy Sosa
93.4%
NL 1999
Sammy Sosa
93.4%
NL 1992
Larry Walker
93%
AL 1991
Jose Canseco
93%
NL 1995
Larry Walker
93%
NL 1997
Larry Walker
93%
NL 1999
Larry Walker
93%
AL 1990
Rickey Henderson
92%
AL 1998
Derek Jeter
91.7%
AL 1999
Derek Jeter
91.7%
NL 1995
Craig Biggio
91.6%
NL 1997
Craig Biggio
91.6%
NL 1998
Craig Biggio
91.6%
AL 1995
Randy Johnson
91.2%
NL 1991
Howard Johnson
91%
NL 1993
Mike Piazza
90.4%
NL 1994
Mike Piazza
90.4%
NL 1995
Mike Piazza
90.4%
NL 1996
Mike Piazza
90.4%
Year
Players
% Correct
NL 1997
Mike Piazza
90.4%
NL 1999
Mike Piazza
90.4%
AL 1991
Joe Carter
90.3%
AL 1992
Joe Carter
90.3%
AL 1994
Joe Carter
90.3%
AL 1998
Bernie Williams
90%
NL 1990
Matt Williams
90%
NL 1993
Matt Williams
90%
NL 1994
Matt Williams
90%
NL 1999
Matt Williams
90%
NL 1990
Barry Larkin
89.9%
NL 1995
Barry Larkin
89.9%
AL 1990
Roger Clemens
89.8%
AL 1991
Roger Clemens
89.8%
AL 1997
Roger Clemens
89.8%
AL 1991
Kirby Puckett
89.7%
AL 1992
Kirby Puckett
89.7%
AL 1994
Kirby Puckett
89.7%
AL 1993
Albert Belle
89.4%
AL 1994
Albert Belle
89.4%
AL 1995
Albert Belle
89.4%
AL 1996
Albert Belle
89.4%
AL 1998
Albert Belle
89.4%
NL 1995
Greg Maddux
88.5%
NL 1994
Gred Maddux
88.2%
NL 1994
Tony Gwynn
88%
NL 1995
Tony Gwynn
88%
NL 1997
Tony Gwynn
88%
AL 1991
Roberto Alomar
87.9%
AL 1995
Mo Vaughn
87.9%
AL 1996
Mo Vaughn
87.9%
AL 1998
Mo Vaughn
87.9%
AL 1992
Roberto Alomar
87.8%
AL 1993
Roberto Alomar
87.8%
NL 1998
Greg Vaughn
87.8%
AL 1999
Roberto Alomar
87.8%
NL 1999
Greg Vaughn
87.8%
AL 1997
Jim Thome
86.1%
AL 1990
Dennis Eckersley
85.9%
AL 1992
Dennis Eckersley
85.9%
AL 1998
Manny Ramirez
85.8%
AL 1999
Manny Ramirez
85.8%
AL 1990
Cecil Fielder
85.6%
AL 1991
Cecil Fielder
85.6%
AL 1992
Cecil Fielder
85.6%
NL 1992
Tom Glavine
85.5%
NL 1996
Ken Caminiti
84.4%
NL 1990
Bobby Bonilla
83.8%
NL 1991
Bobby Bonilla
83.8%
NL 1990
Darryl Strawberry
83%
NL 1991
Darryl Strawberry
83%
NL 1990
Ryne Sandberg
83%
AL 1990
George Brett
83%
NL 1993
Andres Galarraga
82.1%
NL 1994
Andres Galarraga
82.1%
NL 1996
Andres Galarraga
82.1%
NL 1997
Andres Galarraga
82.1%
NL 1998
Andres Galarraga
82.1%
AL 1997
Nomar Garciaparra
81.6%
AL 1998
Nomar Garciaparra
81.6%
AL 1999
Nomar Garciaparra
81.6%
NL 1995
Dante Bichette
80.6%
AL 1990
Fred McGriff
80.1%
NL 1991
Fred McGriff
80.1%
NL 1992
Fred McGriff
80.1%
NL 1993
Fred McGriff
80.1%
NL 1994
Fred McGriff
80.1%
Year
Players
% Correct
NL 1991
Terry Pendleton
80%
NL 1992
Terry Pendleton
80%
AL 1993
Rafael Palmeiro
79%
AL 1996
Rafael Palmeiro
79%
NL 1997
Jeff Kent
79%
AL 1999
Rafael Palmeiro
79%
NL 1998
Jeff Kent
79%
AL 1996
Brady Anderson
78.3%
NL 1992
Gary Sheffield
78.2%
NL 1996
Gary Sheffield
78.2%
AL 1992
Paul Molitor
78%
AL 1993
Paul Molitor
78%
NL 1993
David Justice
75.5%
AL 1997
David Justice
75.5%
AL 1995
Jay Buhner
74.3%
AL 1999
Jason Giambi
74%
NL 1990
Lenny Dykstra
72.7%
NL 1993
Lenny Dykstra
72.7%
AL 1990
Dave Stewart
71.8%
AL 1994
Paul O'Neill
71.2%
AL 1993
John Olerud
70.9%
NL 1991
Will Clark
70.7%
NL 1991
Lee Smith
70.1%
NL 1990
Eddie Murray
67.3%
AL 1994
Kenny Lofton
67.1%
AL 1995
Tim Salmon
66%
AL 1997
Tim Salmon
66%
NL 1992
Andy Van Slyke
65.5%
NL 1994
Moises Alou
63.6%
NL 1997
Moises Alou
63.5%
NL 1998
Moises Alou
63.5%
AL 1999
Shawn Green
62.4%
NL 1996
Ellis Burks
61.5%
NL 1994
Kevin Mitchell
60.2%
NL 1992
Darren Daulton
60.1%
NL 1993
Darren Daulton
60.1%
NL 1991
Ron Gant
59.4%
NL 1993
Ron Gant
59.4%
AL 1992
Dave Winfield
58.7%
NL 1999
Robin Ventura
57.9%
NL 1995
Eric Karros
57.2%
AL 1990
Bob Welch
57.2%
NL 1990
Doug Drabek
56.4%
AL 1994
David Cone
55.5%
AL 1993
Jack McDowell
52%
AL 1993
Carlos Baerga
51.4%
AL 1991
Ruben Sierra
48.3%
NL 1992
Marquis Grissom
47.2%
NL 1993
Marquis Grissom
47.2%
NL 1998
Trevor Hoffman
44.5%
AL 1990
Kelly Gruber
43%
NL 1990
Tim Wallach
42.2%
AL 1994
Julio Franco
41.8%
AL 1990
Bobby Thigpen
40.6%
AL 1994
Jimmy Key
39.7%
NL 1999
Edgardo Alfonzo
38.8%
AL 1995
Jose Mesa
35.5%
NL 1996
Steve Finley
34.9%
NL 1995
Reggie Sanders
32.8%
AL 1997
Randy Myers
31%
AL 1995
John Valentin
30.2%
AL 1995
Gary Gaetti
26%
NL 1991
Brett Butler
24.8%
NL 1996
Brian Jordan
21.3%
NL 1992
Bip Roberts
18.5%
AL 1992
Mike Devereaux
12%
Quiz Playlist
Details
Report
Send in Message
Add To Playlist
Classic:
Type in answers that appear in a list
Last Updated: Feb 16, 2017
Quiz Scoreboard
CHALLENGE
Sign Up to Join the Scoreboard
Show All
Scores
Hide
Comments
May contain spoilers
Recently Published
Presidents Visiting Landmarks
by Hejman
History
7m
An Introduction to Baseball
by treessimontrees
Sports
5m
Movies - When Are They Set?
by FPL_Elf
Movies
5m
More to Explore
Quiz From the Vault
Featured Blog Post
Where Did the Easter Bunny Come From?
hide this ad
You Might Also Like...
Tags
Baseball Quiz
MLB Quiz
1990s
MLB MVP
MVP
MVP Voting
Player
team
Voting
Today's Top Quizzes in Sports
Browse Sports
hide this ad
Today's Top Quizzes in MLB
Browse MLB
Top Contributed Quizzes in Sports
1
Les meilleurs buteurs des matchs entre le PSG et l’OM
2
2022 World Cup Stars
3
FIFA Club World Cup Champions
4
Les entraîneurs de l'OM et du PSG au 21e siècle
5
Name the Premier League winners with different clubs
6
La finale Lions - Afrique du Sud 2021
7
5-to-1: UK Sports Teams
8
England Test cricketers to play under Nasser Hussain
9
Players with Multiple 50 Home Run Seasons
10
AFC Teams Reveal (Wrong Answers Minefield)
Explore More
Trending Topics
Disney
Anime
NBA
Crossword
Kpop
Marvel
Harry Potter
Song
Puzzle
Soccer
Pokémon
The Office
WWE
Country
NFL
hide this ad
More By:
sknapp
Quiz
Plays
Rating
Category
Featured
Created
NBA 15K Points, One Franchise
230,747
4.52
Sports
May 1, 2010
AP All-Americans
99,795
4.35
Sports
Nov 6, 2009
MLB Teams' Most Recent Rookie of the Year
31,748
4.66
Sports
Dec 2, 2009
NBA Last 200 Players to score 40+ Points
12,272
4.46
Sports
Jun 7, 2010
MLB MVP Voting 2000-2008
5,871
4.39
Sports
Nov 4, 2009
Go to Creator's Profile
Score Distribution
Quiz Creator Spotlight
sknapp
Follow
Send a Message
Quizzes Created
-
Created Quiz Play Count
-
More By This Creator
Popular Quizzes Today
1
Find the US States - No Outlines Minefield
2
Find the Countries of Europe - No Outlines Minefield
3
The Countries of the World
4
Find the US States
5
Popular People in 1961
6
US States
7
Risky Map Clicking: Biggest States A-Z
8
1-10 Letter E Words III
More Sports Quizzes
1982 World Cup Champions - Italy
Curator's Pick
Trending Quizzes
Risky Map Clicking: Least Populous States A-Z
1-10 Letter G Words
1-10 Letter F Words
Risky Map Clicking: Next State Alphabetically
Risky Map Clicking: Biggest States A-Z
Recently Updated
Leaping Animals
pecheneg
Reality TV Shows (A-Z)
bhenderson79
Rickey Henderson's Hall of Fame Teammates
pecheneg
Champions League XIs: Arsenal
pecheneg
Quick Pick: Celebrities in WWE's Hall of Fame
aduchscher
A-Z Keypad Blitz II
pecheneg
Multiple Oscar Actors
pecheneg
Mystery Phrase Blitz: Oscar 'Best Actors'
pecheneg
F. Scott Fitzgerald Novels
LTH
Pick 3 Villains
ddd62291
Trending Topics
Anime
Harry Potter
Crossword
Disney
NBA
Kpop
Marvel
WWE
The Office
Country
Pokémon
Puzzle
Soccer
Song
NFL
Your Account Isn't Verified!
In order to create a playlist on Sporcle, you need to verify the email address you used during registration. Go to your
Sporcle Settings
to finish the process.
Report this User
Report this user for behavior that violates our
Community Guidelines
.
Details:
Send Report
Go to the Sporcle.com Mobile Site →
Comments